000 00284nam a22001097a 4500
008 160425b xxu||||| |||| 00| 0 eng d
020 _a0153101423
041 _aeng
080 _a612.39
245 _aYour health:
_cCharlie Gibbons; Kathleen Middleton; Jan Marie Ozias;
942 _2udc
_cBK
999 _c1562
_d1562